Trovas del mar = Troves of the sea / (Registro nro. 13875)
[ vista simple ]
| 000 -LIDER | |
|---|---|
| fixed length control field | 00889nam a2200301 a 4500 |
| 001 - NÚMERO DE CONTROL | |
| Identificador de número de control | |
| 003 - IDENTIFICACDOR DE NÚMERO DE CONTROL | |
| control field | DO-SdBNP |
| 005 - DATE AND TIME OF LATEST TRANSACTION | |
| control field | 20211116105902.0 |
| 008 - ELEMENTOS DE LONGITUD FIJA | |
| fixed length control field | 091002s2002 dr a 000 p spa d |
| 020 ## - ISBN | |
| International Standard Book Number | 9993402702 |
| 040 ## - FUENTE DE CATALOGACIÓN | |
| Agencia que crea de manera original el registro | DO-SdBNP |
| Idioma de catalogación | spa |
| Agencia que realiza la transcripción | BPMSU |
| 041 17 - CÓDIGOS DE OBRAS TRADUCIDAS O EN VARIOS IDIOMAS | |
| Código del idioma del texto/archivo de sonido o separata | spa |
| Fuente de código | eng |
| 082 ## - NÚMERO DE CLASIFICACIÓN DECIMAL DE DEWEY | |
| Classification number | RD861.44 |
| Item number | S194t 2002 |
| Edition number | 22 |
| 100 1# - ASIENTO PRINCIPAL -- NOMBRE PERSONAL | |
| Nombre personal | Sánchez Beras, César, |
| Fechas asociadas con el nombre | 1962- |
| 240 ## - TITULO UNIFORME | |
| Título uniforme | Troves of the sea |
| 245 10 - MENCIÓN DE TITULO | |
| Título | Trovas del mar = Troves of the sea / |
| Mención de responsabilidad | César Sánchez Beras. |
| 246 13 - VARIACION DEL TÍTULO | |
| Título propiamente dicho o título corto | Troves of the sea |
| 260 ## - PUBLICACIÓN, DISTRIBUCIÓN, ETC. (PIE DE IMPRENTA) | |
| Lugar de publicación, distribución, etc | Santo Domingo : |
| Nombre del editor, distribuidor, etc. | Búho, |
| Fecha de publicación, distribución, etc | 2002. |
| 300 ## - DESCRIPCIÓN FÍSICA | |
| Extensión | 137 p. : |
| Otros detalles físicos | il. ; |
| Dimensiones | 22 cm. |
| 500 ## - NOTA GENERAL | |
| Nota general | Incluye datos biográficos del autor en la solapa de la cubierta |
| 534 ## - NOTA SOBRE LA VERSIÓN ORIGINAL | |
| Materiales especificados | |
| 546 ## - NOTA DE IDIOMA | |
| Nota de idioma | Texto en inglés y español |
| 590 ## - NOTA LOCAL | |
| Texto de la nota local | Inventariado, 2021/VM |
| 650 #4 - ENCABEZAMIENTO DE MATERIA--TEMÁTICO | |
| Término temático o nombre geográfico como elemento de entrada | Poesía dominicana |
| 650 #4 - ENCABEZAMIENTO DE MATERIA--TEMÁTICO | |
| Término temático o nombre geográfico como elemento de entrada | Literatura dominicana. |
| 910 ## - VALIDACIÓN | |
| Validación | VMateo V. |
| 942 ## - ADDED ENTRY ELEMENTS (KOHA) | |
| Source of classification or shelving scheme | Dewey Decimal Classification |
| Koha item type | Libros |
| Withdrawn status | Lost status | Source of classification or shelving scheme | Damaged status | Not for loan | Collection code | Home library | Current library | Date acquired | Source of acquisition | Total Checkouts | Full call number | Barcode | Date last seen | Price effective from | Koha item type | Public note |
|---|---|---|---|---|---|---|---|---|---|---|---|---|---|---|---|---|
| Dewey Decimal Classification | Colección Dominicana | Biblioteca Pública Metropolitana Salomé Ureña | Biblioteca Pública Metropolitana Salomé Ureña | 11/16/2021 | Alanna Rodríguez | BPMSU CD RD861.44 S194t 2002 | BPMSU21110089 | 11/16/2021 | 11/16/2021 | Libros | 2021-10-05 |